LEADER 01052cam0-2200325---450- 001 990004981070403321 005 20151001095501.0 035 $a000498107 035 $aFED01000498107 035 $a(Aleph)000498107FED01 035 $a000498107 100 $a19990604d1932----km-y1itay50------ba 101 0 $aita 102 $aIT 105 $ay-------001yy 200 1 $aRomānica fragmenta$escritti scelti dall'autore pubblicati a cura dell'Universitā di Padova del reale Istituto veneto dei colleghi, amici e discepoli$fVincenzo Crescini 210 $aTorino$cG. Chiantore$d1932 215 $aXXVII, 606 p.$d26 cm 610 0 $aFilologia romanza$aSaggi 676 $a440.9$v22$zita 700 1$aCrescini,$bVincenzo$0157615 712 02$aUniversitā degli studi di Padova 801 0$aIT$bUNINA$gREICAT$2UNIMARC 901 $aBK 912 $a990004981070403321 952 $a440.9 CRE 1$bIst.Glott. s.i.$fFLFBC 952 $a440.9 CRE 1 Bis$bFil. Mod. 2125$fFLFBC 959 $aFLFBC 996 $aRomanica fragmenta$9137259 997 $aUNINA LEADER 00974nam a2200253Ia 4500 001 991001914379707536 008 051025s1982 cau 001 0 eng d 020 $a0804712069 035 $ab13447233-39ule_inst 040 $aDip.to Filologia Ling. e Lett. 082 0 $a354.5 100 1 $aJohnson, Chalmers A.$0125342 245 10$aMITI and the Japanese miracle :$bthe growth of industrial policy, 1925-1975 /$cChalmers Johnson 260 $aStanford :$bStanford University Press,$c1982 300 $axvi, 393 p. ;$c24 cm 500 $aInclude indici 650 4$aIndustrie$zGiappone 651 4$aGiappone$xPolitica industriale$y1925-1975 907 $a.b13447233$b09-11-06$c25-10-06 912 $a991001914379707536 945 $aLE008 FL.M. (Giapp.) II A 19$g1$i2008000091903$lle008$op$pE0.00$q-$rl$s- $t0$u2$v0$w2$x0$y.i14314666$z09-11-06 996 $aMITI and the Japanese miracle$91098671 997 $aUNISALENTO 998 $ale008$b25-10-06$cm$da $e-$feng$gcau$h0$i0